| 000 | 00432nam a2200181Ia 4500 | ||
|---|---|---|---|
| 005 | 20241219025048.0 | ||
| 008 | 240331s9999 xx 000 0 und d | ||
| 020 | _a8171542050 | ||
| 082 |
_bGHU _2581 _a305 |
||
| 100 | _aGhurye, G.S | ||
| 245 | 0 | _aCast and Race in India | |
| 250 | _a5th | ||
| 260 |
_aBombay _bPopular Prakashan Private Limited _c1990 |
||
| 300 | _avi, 493 p., | ||
| 650 | _aCaste | ||
| 650 | _aRace | ||
| 942 | _cL | ||
| 999 |
_c1433 _d1433 |
||